Statistics for Kendrick Lamar Discography

Click here to take the quiz!

General Stats

  • This quiz has been taken 162 times
    (51 since last reset)
  • The average score is 7 of 12

Answer Stats

Year Name Type % Correct
2017DamnAlbum
100%
2012good kid, m.A.A.d cityAlbum
98%
2015To Pimp a ButterflyAlbum
95%
2018Black Panther: The AlbumSoundtrack
93%
2011Section.80Album
84%
2016untitled unmastered.Compilation
77%
2010Overly DedicatedMixtape
52%
2009C4Mixtape
27%
2009The Kendrick Lamar EPEP
25%
2003Y.H.N.I.C. (Hub City Threat: Minor of the Year)Mixtape
23%
2005Training DayMixtape
11%
2007No Sleep 'Til NYCMixtape
5%

Score Distribution

Percentile by Number Answered

Percent of People with Each Score

Your Score History

You have not taken this quiz since the last reset